| 000 | 00441nam a2200193Ia 4500 | ||
|---|---|---|---|
| 005 | 20240823030338.0 | ||
| 008 | 240823s9999||||xx |||||||||||||| ||und|| | ||
| 041 | _aENGLISH | ||
| 082 | _A801.95 N9 | ||
| 100 | _aSen S. | ||
| 245 | 0 | _aMatthew Arnold Essays in Criticism | |
| 250 | _a14th | ||
| 260 |
_c1977 _bUnique Publi |
||
| 500 | _aYES | ||
| 650 |
_aCriticism _bGeneral |
||
| 700 | _a Chopra J K | ||
| 942 | _cBK | ||
| 999 |
_c188476 _d188476 |
||